00528nam a22001817a 450000500170000001000130001702000260003003500130005603700220006903700150009108200060010610000200011224500490013226000280018127000890020930000280029849000200032620180528130157.0 aB-689577 a9789380658742c325.00 aB-689577 bPansy Books/CL/RP bR.K.Books  aN aTripathi, Amish aThe immortals of meluha /cby Amish Tripathi aChennaibWestlandc2017 a61, II Floor, Silverline Building, Alapakkam Main Road, MaduravoyalbChennaie600095x axviii, 417p.c21cm(pbk) aShiva trilogy 1